Fenerbahce players (2010-2020) - Statistics

General Stats
  • This quiz has been taken 10 times
  • The average score is 78 of 120
Answer Stats
Rank Player Positions Nationality Matches Goals (assists) Period % Correct
91 Abdoulaye Ba CB 6 1 (0) 2015-2016
100%
25 Alex AM 67 42 (23) 2010-2013
100%
5 Caner Erkin LB 155 9 (36) 2010-2016
100%
86 Carlos Kameni GK 9 0 (0) 2017-2018
100%
13 Dirk Kuyt RW 95 26 (22) 2012-2015
100%
44 Eljif Elmas LW 34 4 (0) 2017-2019
100%
22 Emmanuel Emenike ST 71 20 (17) 2013-2015, 2016-2017
100%
7 Emre Belözoğlu CM 131 26 (20) 2010-2015, 2019-2020
100%
4 Gökhan Gönül RB 166 8 (26) 2010-2016
100%
63 Harun Tekin GK 24 0 (0) 2018-2020
100%
3 Hasan Ali Kaldırım LB 170 5 (21) 2012-2020
100%
74 Islam Slimani ST 15 1 (0) 2018-2019
100%
17 Martin Skrtel CB 79 6 (1) 2016-2019
100%
24 Mauricio Isla RB 68 0 (13) 2017-2020
100%
2 Mehmet Topal DM 206 16 (16) 2012-2019
100%
62 Mert Günok GK 25 0 (0) 2010-2015
100%
18 Miroslav Stoch LW 77 12 (9) 2010-2013, 2016-2017
100%
8 Moussa Sow ST 131 63 (19) 2011-2017
100%
19 Raúl Meireles CM 76 6 (9) 2012-2016
100%
32 Simon Kjaer CB 55 3 (0) 2015-2017
100%
64 Tolgay Arslan AM 24 0 (1) 2018-2020
100%
48 Vedat Muriqi ST 32 15 (6) 2019-2020
100%
1 Volkan Demirel GK 244 0 (0) 2010-2019
100%
107 Adil Rami CB 1 0 (0) 2019-2020
88%
6 Alper Potuk LW 152 12 (22) 2013-2020
88%
45 Altay Bayındır GK 32 0 (0) 2019-2020
88%
51 André Ayew ST 29 5 (1) 2018-2019
88%
61 André Santos LB 25 5 (0) 2010-2011
88%
11 Bekir İrtegün CB 96 4 (0) 2010-2015
88%
20 Bruno Alves CB 75 3 (2) 2013-2016
88%
33 Diego AM 53 5 (11) 2014-2016
88%
54 Diego Lugano CB 28 7 (1) 2010-2011
88%
27 Fernandão ST 63 26 (3) 2015-2018
88%
84 Gregory van der Wiel RB 11 0 (0) 2016-2017
88%
16 Joseph Yobo CB 84 3 (0) 2010-2014
88%
55 Luiz Gustavo DM 28 3 (1) 2019-2020
88%
34 Mathieu Valbuena AM 51 10 (16) 2017-2019
88%
66 Max Kruse CF 20 7 (7) 2019-2020
88%
9 Mehmet Topuz RM 118 6 (19) 2010-2016
88%
50 Michal Kadlec CB 31 3 (1) 2013-2016
88%
67 Miha Zajc CM 20 3 (0) 2018-2020
88%
80 Milos Krasic RW 13 0 (1) 2012-2013
88%
21 Nabil Dirar RB 73 7 (12) 2017-2020
88%
56 Nani LW 28 8 (9) 2015-2016
88%
26 Pierre Webó ST 65 24 (9) 2012-2015
88%
37 Roberto Soldado ST 47 15 (10) 2017-2019
88%
31 Robin van Persie ST 57 25 (6) 2015-2018
88%
92 Samuel Holmén CM 6 0 (0) 2013-2014
88%
29 Semih Şentürk ST 60 12 (12) 2010-2013
88%
28 Şener Özbayraklı RB 61 3 (5) 2015-2019
88%
47 Serdar Aziz CB 32 5 (1) 2018-2020
88%
68 Victor Moses RW 20 5 (1) 2018-2020
88%
35 Volkan Şen LW 51 5 (9) 2015-2017
88%
82 Yassine Benzia AM 13 0 (1) 2018-2019
88%
10 Cristian CM 108 15 (15) 2010-2014
75%
88 Diego Reyes CB 8 0 (0) 2018-2019
75%
30 Egemen Korkmaz CB 57 4 (3) 2012-2015
75%
89 Fabiano GK 8 0 (0) 2015-2017
75%
58 Garry Rodrigues LW 26 4 (5) 2019-2020
75%
49 Giuliano AM 31 15 (5) 2017-2019
75%
40 Issiar Dia RW 38 5 (4) 2010-2012
75%
77 Lazar Markovic RW 14 0 (2) 2015-2016
75%
52 Mamadou Niang ST 29 15 (10) 2010-2011
75%
78 Michael Frey ST 14 3 (0) 2018-2019
75%
69 Orhan Şam RB 19 0 (1) 2011-2013
75%
15 Ozan Tufan CM 90 12 (12) 2015-2018, 2019-2020
75%
23 Roman Neustädter CB 71 4 (0) 2016-2019
75%
70 Serdar Kesimal CB 19 0 (0) 2011-2015
75%
60 Tolga Ciğerci DM 26 2 (3) 2019-2020
75%
36 Aatif Chahechouhe AM 47 10 (7) 2016-2019
63%
98 Dani Güiza ST 3 1 (0) 2010-2011
63%
71 Fábio Bilica CB 18 0 (0) 2010-2012
63%
65 Ferdi Kadıoğlu LB 23 4 (4) 2019-2020
63%
46 Henri Bienvenu ST 32 7 (2) 2011-2013
63%
42 İsmail Köybaşı LM 37 2 (4) 2016-2019
63%
38 Jailson DM 46 3 (1) 2018-2020
63%
79 Luís Neto CB 13 0 (0) 2017-2018
63%
41 Mehmet Ekici AM 38 3 (2) 2017-2020
63%
43 Salih Uçan CM 37 3 (3) 2012-2014, 2016-2017
63%
14 Selçuk Şahin DM 93 3 (2) 2010-2015
63%
90 Simon Falette CB 8 0 (1) 2019-2020
63%
72 Vincent Janssen ST 16 4 (4) 2017-2018
63%
73 Zanka CB 16 2 (0) 2019-2020
63%
101 Allahyar Sayyadmanesh LW 2 0 (0) 2019-2020
50%
87 Barış Alıcı RW 8 0 (1) 2018-2019
50%
57 Deniz Türüç RW 26 3 (1) 2019-2020
50%
99 Gökhan Ünal ST 3 0 (0) 2010-2011
50%
59 Jeremain Lens RW 26 4 (12) 2016-2017
50%
81 Sadık Çiftpınar CB 13 1 (0) 2018-2020
50%
83 Mevlüt Erdinç ST 12 0 (0) 2019-2020
38%
100 Oleksandr Karavaev RB 3 0 (0) 2016-2017
38%
53 Özer Hurmacı AM 29 1 (1) 2010-2012
38%
96 Özgür Çek LB 4 0 (1) 2011-2012
38%
94 Recep Niyaz AM 5 0 (0) 2011-2013
38%
39 Reto Ziegler CB 39 0 (7) 2011-2013
38%
75 Sezer Öztürk AM 15 2 (1) 2011-2013
38%
12 Souza CB 96 10 (5) 2015-2019
38%
108 Ahmethan Köse ST 1 0 (0) 2017-2018
25%
106 Yiğithan Güveli CB 2 0 (0) 2016-2017, 2018-2019
25%
109 Beykan Şimşek LW 1 0 (0) 2012-2013
13%
76 Gökay Iravul CM 14 0 (0) 2010-2012
13%
114 İlhan Eker CB 1 0 (0) 2010-2011
13%
118 Murat Sağlam AM 1 0 (0) 2019-2020
13%
85 Oğuz Kağan Güçtekin DM 10 0 (0) 2017-2019
13%
104 Ramazan Civelek RW 2 0 (0) 2015-2016
13%
97 Uğur Boral LM 4 0 (1) 2011-2012
13%
105 Uygar Zeybek CM 2 0 (0) 2014-2016
13%
110 Caner Koca DM 1 0 (0) 2014-2015
0%
93 Colin Kazım-Richards ST 5 0 (0) 2010-2011
0%
111 Emir Köksal LB 1 0 (0) 2019-2020
0%
112 Emre Nasuh CM 1 0 (0) 2019-2020
0%
113 Ertuğrul Taşkıran GK 1 0 (0) 2016-2017
0%
102 İbrahim Serdar Aydın DM 2 0 (0) 2013-2014
0%
115 Melih Okutan RW 1 0 (0) 2015-2016
0%
116 Muhammed Akarslan CM 1 0 (0) 2013-2014
0%
117 Muhammed Gümüşkaya AM 1 0 (0) 2019-2020
0%
103 Okan Alkan RB 2 0 (2) 2010-2011
0%
95 Ömer Beyaz AM 4 0 (0) 2019-2020
0%
119 Samed Karakoç AM 1 0 (0) 2017-2018
0%
120 Serhat Kot LB 1 0 (0) 2017-2018
0%
No matching quizzes found
Score Distribution
Percent of People with Each Score
Percentile by Number Answered
Your Score History
You have not taken this quiz